Platinum Pokédex - Statistics

General Stats
  • This quiz has been taken 58 times
  • The average score is 169 of 210
Answer Stats
Answer % Correct
Chimchar
95%
Staravia
95%
Starly
95%
Torterra
95%
Bibarel
92%
Bidoof
92%
Empoleon
92%
Garchomp
92%
Infernape
92%
Monferno
92%
Piplup
92%
Prinplup
92%
Shinx
92%
Staraptor
92%
Turtwig
92%
Bastiodon
89%
Cranidos
89%
Dialga
89%
Drifblim
89%
Drifloon
89%
Geodude
89%
Giratina
89%
Golem
89%
Graveler
89%
Grotle
89%
Luxio
89%
Luxray
89%
Mime Jr.
89%
Mismagius
89%
Palkia
89%
Rampardos
89%
Shieldon
89%
Cherrim
86%
Cherubi
86%
Combee
86%
Crobat
86%
Electabuzz
86%
Electivire
86%
Floatzel
86%
Gabite
86%
Gastly
86%
Gengar
86%
Gible
86%
Gyarados
86%
Magby
86%
Magikarp
86%
Magmar
86%
Magmortar
86%
Misdreavus
86%
Mr. Mime
86%
Onix
86%
Pikachu
86%
Ponyta
86%
Rapidash
86%
Zubat
86%
Abomasnow
84%
Azelf
84%
Bonsly
84%
Buizel
84%
Burmy
84%
Dustox
84%
Eevee
84%
Elekid
84%
Feebas
84%
Gastrodon
84%
Golbat
84%
Haunter
84%
Kricketune
84%
Machoke
84%
Mesprit
84%
Milotic
84%
Raichu
84%
Roserade
84%
Shellos
84%
Sneasel
84%
Snorlax
84%
Steelix
84%
Togekiss
84%
Uxie
84%
Vespiquen
84%
Wurmple
84%
Beautifly
81%
Bronzor
81%
Buneary
81%
Cascoon
81%
Chansey
81%
Chimecho
81%
Croagunk
81%
Gardevoir
81%
Glalie
81%
Happiny
81%
Hippowdon
81%
Honchkrow
81%
Houndoom
81%
Houndour
81%
Kirlia
81%
Kricketot
81%
Lucario
81%
Machamp
81%
Machop
81%
Magnezone
81%
Mantyke
81%
Medicham
81%
Meditite
81%
Munchlax
81%
Murkrow
81%
Pachirisu
81%
Pichu
81%
Psyduck
81%
Purugly
81%
Ralts
81%
Rhydon
81%
Rhyhorn
81%
Rhyperior
81%
Riolu
81%
Silcoon
81%
Snorunt
81%
Snover
81%
Spiritomb
81%
Sudowoodo
81%
Togepi
81%
Togetic
81%
Toxicroak
81%
Weavile
81%
Wormadam
81%
Abra
78%
Alakazam
78%
Blissey
78%
Bronzong
78%
Budew
78%
Chingling
78%
Clefairy
78%
Cleffa
78%
Drapion
78%
Espeon
78%
Finneon
78%
Flareon
78%
Froslass
78%
Gallade
78%
Gligar
78%
Gliscor
78%
Golduck
78%
Heracross
78%
Hippopotas
78%
Kadabra
78%
Lopunny
78%
Lumineon
78%
Magnemite
78%
Magneton
78%
Mamoswine
78%
Manaphy
78%
Mantine
78%
Mothim
78%
Roselia
78%
Rotom
78%
Skorupi
78%
Umbreon
78%
Vaporeon
78%
Yanma
78%
Yanmega
78%
Aipom
76%
Ambipom
76%
Clefable
76%
Dusclops
76%
Duskull
76%
Glaceon
76%
Glameow
76%
Jolteon
76%
Leafeon
76%
Lickilicky
76%
Lickitung
76%
Piloswine
76%
Porygon
76%
Porygon2
76%
Porygon-Z
76%
Scizor
76%
Scyther
76%
Swinub
76%
Unown
76%
Skuntank
73%
Stunky
73%
Tropius
73%
Barboach
70%
Carnivine
70%
Dusknoir
70%
Goldeen
70%
Nosepass
70%
Octillery
70%
Probopass
70%
Remoraid
70%
Seaking
70%
Tentacool
70%
Tentacruel
70%
Whiscash
70%
Absol
68%
Chatot
68%
Quagsire
68%
Tangela
68%
Tangrowth
68%
Wooper
68%
Girafarig
65%
Marill
65%
Pelipper
65%
Wingull
65%
Azumarill
62%
Azurill
62%
Altaria
59%
Swablu
59%
Hoothoot
54%
Noctowl
51%
No matching quizzes found
Score Distribution
Percent of People with Each Score
Percentile by Number Answered
Your Score History
You have not taken this quiz